|
|
|
|
| LEADER |
00000nlm0a2200000 4500 |
| 001 |
647572 |
| 005 |
20240122144127.0 |
| 029 |
1 |
0 |
|a RU
|b 100295
|c Пат.
|d МПК G 01 T 1/16
|
| 035 |
|
|
|a (RuTPU)RU\TPU\network\12712
|
| 035 |
|
|
|a RU\TPU\network\12710
|
| 039 |
0 |
|
|a RU
|b 2010131974/28
|c 20100729
|
| 090 |
|
|
|a 647572
|
| 100 |
|
|
|a 20160414j20101210k y0rusy50 ca
|
| 101 |
0 |
|
|a rus
|
| 102 |
|
|
|a RU
|
| 105 |
|
|
|a a k 000zy
|
| 135 |
|
|
|a drgn ---uucaa
|
| 181 |
|
0 |
|a i
|
| 182 |
|
0 |
|a b
|
| 200 |
1 |
|
|a Автоматизированное устройство для непрерывных измерений плотности потока радона с поверхности грунта по бета- и гамма-излучениям
|e полезная модель
|f А. В. Вуколов, В. С. Яковлева
|g Национальный исследовательский Томский политехнический университет (ТПУ)
|
| 203 |
|
|
|a Текст
|c электронный
|
| 300 |
|
|
|a опубл. 10.12.10
|
| 330 |
|
|
|a Полезная модель относится к области измерения ядерных излучений, а именно к измерению плотности потока радона с поверхности земли, а также пористых эманирующих материалов, и может быть использована для оценки радоноопасности территорий и зданий, изучении предвестников землетрясений, электрических свойств и динамики атмосферы, литосферно-атмосферных связей.
|
| 610 |
1 |
|
|a патенты
|
| 610 |
1 |
|
|a труды учёных ТПУ
|
| 610 |
1 |
|
|a электронный ресурс
|
| 610 |
1 |
|
|a изобретения
|
| 610 |
1 |
|
|a полезные модели
|
| 610 |
1 |
|
|a автоматизированные устройства
|
| 610 |
1 |
|
|a измерения
|
| 610 |
1 |
|
|a плотность потока
|
| 610 |
1 |
|
|a радон
|
| 610 |
1 |
|
|a поверхности
|
| 610 |
1 |
|
|a грунты
|
| 610 |
1 |
|
|a бета-излучения
|
| 610 |
1 |
|
|a гамма-излучения
|
| 610 |
1 |
|
|a ядерные излучения
|
| 610 |
1 |
|
|a пористые материалы
|
| 610 |
1 |
|
|a землетрясения
|
| 610 |
1 |
|
|a электрические свойства
|
| 610 |
1 |
|
|a атмосфера
|
| 700 |
|
1 |
|a Вуколов
|b А. В.
|c физик
|c научный сотрудник Томского политехнического университета, кандидат физико-математических наук
|f 1978-
|g Артем Владимирович
|3 (RuTPU)RU\TPU\pers\27815
|9 12853
|
| 701 |
|
1 |
|a Яковлева
|b В. С.
|c физик
|c доцент Томского политехнического университета, кандидат физико-математических наук
|f 1970-
|g Валентина Станиславовна
|3 (RuTPU)RU\TPU\pers\25838
|9 11711
|
| 712 |
0 |
2 |
|a Национальный исследовательский Томский политехнический университет (ТПУ)
|b Физико-технический институт (ФТИ)
|b Кафедра прикладной физики (№ 12) (ПФ)
|3 (RuTPU)RU\TPU\col\18729
|
| 712 |
0 |
2 |
|a Национальный исследовательский Томский политехнический университет (ТПУ)
|b Физико-технический институт (ФТИ)
|b Кафедра прикладной физики (№ 12) (ПФ)
|b Международная научно-образовательная лаборатория "Рентгеновская оптика" (МНОЛ РО)
|3 (RuTPU)RU\TPU\col\19530
|
| 801 |
|
1 |
|a RU
|b 63413507
|c 20120201
|
| 801 |
|
2 |
|a RU
|b 63413507
|c 20160414
|g RCR
|
| 856 |
4 |
|
|u http://www.fips.ru/Archive/PAT/2010FULL/2010.12.10/DOC/RUNWU1/000/000/000/100/295/document.pdf
|
| 942 |
|
|
|c CF
|